| 000 | 00375nam a2200133Ia 4500 | ||
|---|---|---|---|
| 008 | 230917s9999||||xx |||||||||||||| ||und|| | ||
| 040 |
_e93465 _aMAIN |
||
| 041 | _aEnglish | ||
| 082 | _a555.44 Y11R | ||
| 100 | _aYadav, Kanwar Singh | ||
| 245 | 0 | _aRecord of surface geological mapping of the Balaria hill (Zamar area) distt Udaipur Rajasthan | |
| 300 | _a57 p. | ||
| 942 | _cTH | ||
| 999 |
_c40648 _d40648 |
||